El radioelemento en pediatría (Record no. 149253)

MARC details
000 -LEADER
campo de control de longitud fija 00645nam a2200169 i 4500
001 - NÚMERO DE CONTROL
campo de control 149253
003 - IDENTIFICADOR DE NÚMERO DE CONTROL
campo de control ES-MaACL
005 - FECHA Y HORA DE LA ÚLTIMA TRANSACCIÓN
campo de control 20230906203020.0
007 - CAMPO FIJO DE DESCRIPCIÓN FÍSICA--INFORMACIÓN GENERAL
campo de control de longitud fija t|
008 - DATOS DE LONGITUD FIJA--INFORMACIÓN GENERAL
campo de control de longitud fija 071019s1914 sp ||||1| spa d
100 1# - ENTRADA PRINCIPAL--NOMBRE DE PERSONA
Nombre de persona Velasco Pajares, José.
9 (RLIN) 113769
245 13 - MENCIÓN DEL TÍTULO
Título El radioelemento en pediatría
Resto del título : comunicación al primer Congreso Español de Pediatría (Mallorca, abril de 1914) /
Mención de responsabilidad, etc. José Velasco Pajares.
260 ## - PUBLICACIÓN, DISTRIBUCIÓN, ETC.
Lugar de publicación, distribución, etc. Madrid :
Nombre del editor, distribuidor, etc. [s.n.],
Fecha de publicación, distribución, etc. 1914 (
Fabricante Imp. de los Suc. de Hernando)
300 ## - DESCRIPCIÓN FÍSICA
Extensión 20 p. :
Otras características físicas il. ;
Dimensiones 23 cm.
711 2# - ENTRADA AGREGADA--NOMBRE DE REUNIÓN
Nombre de congreso/reunión o jurisdicción como elemento de entrada Congreso Español de Pediatría (
Número del congreso/reunión o número de parte o sección 1º.
Fecha del congreso o de la firma del tratado 1914.
Sede del congreso/Lugar de la reunión Palma de Mallorca)
9 (RLIN) 360
852 ## - LOCALIZACIÓN
Ubicación ES-MaACL
Número de control de estantería T-1394-F-5
Holdings
Estatus retirado Estado de pérdida Estado de daño No para préstamo Colección Biblioteca de origen Biblioteca actual Ubicación en estantería Fecha de adquisición Fuente de adquisición Total de préstamos Signatura topográfica completa Código de barras Visto por última vez Precio de reemplazo Tipo de ítem Koha
        Colección de folletos Biblioteca del Ateneo de Madrid Biblioteca del Ateneo de Madrid Depósito folletos 17/01/2008     T-1394-F-5 1155749 23/02/2023 23/02/2023 Folleto